Vehicle Routing. Problems, Methods, and Applications.

Spremljeno u:
Bibliografski detalji
Daljnji autori: Toth, Paolo (Urednik), Vigo, Daniele (Urednik)
Format: Nepoznato
Izdano: Philadelphia, PA, United States: Society for Industrial and Applied Mathematics; Mathematical Optimization Society, 2014.
Izdanje:Second Edition.
Serija:MOS-SIAM Series on Optimization.
Teme:
Oznake: Dodaj oznaku
Bez oznaka, Budi prvi tko označuje ovaj zapis!

MARC

LEADER 00000 a2200000 4500
003 CL-VaPUC
005 20221006133841.0
008 221003t2014 ||||| |||| 00| 0 eng d
999 |c 438536  |d 438534 
020 |a 978-1-611973-58-7 
040 |c Pontificia Universidad Católica de Valparaíso 
082 7 |a 388.310285 TOT 2014  |2 22 
100 1 |a Toth, Paolo  |e editor  |9 877313 
245 |a Vehicle Routing.  |b Problems, Methods, and Applications. 
250 |a Second Edition. 
260 |a Philadelphia, PA, United States:  |b Society for Industrial and Applied Mathematics;   |b Mathematical Optimization Society,   |c 2014. 
300 |a 463 páginas.  
490 |a MOS-SIAM Series on Optimization.  
583 |k GC  |c 20221003 
650 |a Ingeniería Civil y Ambiental  |9 877314 
650 |a Transporte  |x Proceso de selección de rutas  |9 877315 
650 |a Problemas de transporte (Programación)   |9 877316 
700 |a Vigo, Daniele   |e editor  |9 877317 
942 |2 ddc  |c BK 
952 |0 0  |1 0  |2 ddc  |4 0  |6 388_310285000000000_TOT_2014  |7 0  |8 A  |9 587012  |a BIBING  |b BIBING  |c GEN  |d 2022-09-30  |e 1  |g 133376.00  |i 5654930  |o 388.310285 TOT 2014  |p 5654930  |r 2025-01-20  |t 1  |v 133376.00  |w 2022-09-30  |y BK  |k EII